[Event "Chigorin Memorial 2008"]
[Site "St. Petersburg RUS"]
[Date "2008.10.04"]
[Round "1.2"]
[White "Bronnikova, Elizaveta"]
[Black "Amonatov, Farrukh"]
[Result "0-1"]
[WhiteElo "2293"]
[BlackElo "2634"]
[PlyCount "50"]
[EventDate "2008.10.03"]
[EventType "swiss"]
[EventRounds "9"]
[EventCountry "RUS"]
[Source "lmi"]
[SourceDate "2008.10.03"]

1. e4 c5 2. Nf3 d6 3. d4 cxd4 4. Nxd4 Nf6 5. Nc3 a6 6. Be2 e5 7. Nb3 Be7 8. O-O
O-O 9. Kh1 Qc7 10. f4 b5 11. a3 Bb7 12. Bf3 Nbd7 13. Qe1 Rac8 14. f5 Rfe8 15.
Be3 Bf8 16. Rd1 Qb8 17. g4 Qa8 18. Na5 Rxc3 19. Qxc3 Bxe4 20. Bg5 Rc8 21. Qe3
Rxc2 22. h3 d5 23. Bxe4 Nxe4 24. Qb3 Rf2 25. Bc1 Nec5 0-1

[Event "Chigorin Memorial 2008"]
[Site "St. Petersburg RUS"]
[Date "2008.10.04"]
[Round "1.3"]
[White "Burmakin, Vladimir"]
[Black "Zakharchenko, Arnold"]
[Result "1-0"]
[WhiteElo "2625"]
[BlackElo "2288"]
[PlyCount "67"]
[EventDate "2008.10.03"]
[EventType "swiss"]
[EventRounds "9"]
[EventCountry "RUS"]
[Source "lmi"]
[SourceDate "2008.10.03"]

1. d4 Nf6 2. Nf3 g6 3. g3 Bg7 4. Bg2 O-O 5. O-O d5 6. c4 c6 7. Qb3 dxc4 8. Qxc4
a5 9. Bf4 Na6 10. Qc1 Nb4 11. a3 Nbd5 12. Bh6 a4 13. Bxg7 Kxg7 14. Nbd2 Nc7 15.
Nc4 Nb5 16. Rd1 Bf5 17. Qd2 Ne4 18. Qb4 Ned6 19. Ne3 Be4 20. Rac1 e6 21. Ne5
Bxg2 22. Kxg2 Nf5 23. Nxf5+ gxf5 24. Nc4 Ra6 25. f3 Qf6 26. Ne5 Rd8 27. e3 Ra7
28. Nd3 Raa8 29. Nf4 Kh8 30. Qc5 Kg8 31. Qe5 Qxe5 32. dxe5 Nc7 33. e4 fxe4 34.
fxe4 1-0

[Event "Chigorin Memorial 2008"]
[Site "St. Petersburg RUS"]
[Date "2008.10.04"]
[Round "1.4"]
[White "Melnikov, Dmitry"]
[Black "Aleksandrov, Aleksej"]
[Result "1/2-1/2"]
[WhiteElo "2228"]
[BlackElo "2617"]
[PlyCount "68"]
[EventDate "2008.10.03"]
[EventType "swiss"]
[EventRounds "9"]
[EventCountry "RUS"]
[Source "lmi"]
[SourceDate "2008.10.03"]

1. e4 e5 2. Nf3 Nc6 3. Bb5 Nf6 4. O-O Nxe4 5. d4 Nd6 6. Bxc6 dxc6 7. dxe5 Nf5
8. Qxd8+ Kxd8 9. Nc3 Bd7 10. b3 Kc8 11. Bb2 Be7 12. Ne4 h5 13. Rad1 a5 14. Neg5
Be8 15. Rfe1 a4 16. e6 f6 17. Ne4 b6 18. Nc3 axb3 19. axb3 Kb7 20. Ra1 Bg6 21.
Rxa8 Rxa8 22. h3 b5 23. g3 Bb4 24. Re2 Nd6 25. Nh4 Bh7 26. f4 Nf5 27. Ne4 Nxh4
28. gxh4 Ra2 29. Bd4 Be7 30. Bc5 Bxe4 31. Bxe7 Bxc2 32. b4 Bb3 33. Re3 Ra1+ 34.
Kf2 Ra2+ 1/2-1/2

[Event "Chigorin Memorial 2008"]
[Site "St. Petersburg RUS"]
[Date "2008.10.04"]
[Round "1.6"]
[White "Valov, Ilya"]
[Black "Belov, Vladimir"]
[Result "0-1"]
[WhiteElo "2269"]
[BlackElo "2579"]
[PlyCount "146"]
[EventDate "2008.10.03"]
[EventType "swiss"]
[EventRounds "9"]
[EventCountry "RUS"]
[Source "lmi"]
[SourceDate "2008.10.03"]

1. d4 Nf6 2. Nf3 e6 3. c4 d5 4. Nc3 c6 5. cxd5 exd5 6. Bg5 Be7 7. e3 Bf5 8. Bd3
Bxd3 9. Qxd3 Nbd7 10. O-O O-O 11. Rfc1 Ne4 12. Bxe7 Qxe7 13. Nd2 f5 14. f3 Nxd2
15. Qxd2 Rf6 16. Re1 Re6 17. Re2 Re8 18. Rae1 Nf6 19. Qd3 g6 20. f4 Qb4 21. Qd2
Qe7 22. Qd3 Ng4 23. h3 Nf6 24. Kh2 h5 25. g3 Kf7 26. h4 c5 27. dxc5 Qxc5 28.
Qd4 b6 29. Qxc5 bxc5 30. Kg2 Rd8 31. Rd1 Red6 32. Red2 Ke6 33. Kf3 Rb8 34. b3
Rc8 35. Rc2 a6 36. Na4 Rdc6 37. Rdc1 Kd6 38. Nb2 a5 39. Rd1 Ke6 40. Rdc1 Nd7
41. Ke2 R6c7 42. Rc3 Nf6 43. R3c2 Ne4 44. Kf3 c4 45. Kg2 Nd6 46. Kf3 Ne4 47.
Kg2 Rb7 48. bxc4 dxc4 49. Nxc4 Rbc7 50. a4 Rc5 51. Na3 Rxc2+ 52. Rxc2 Rxc2+ 53.
Nxc2 Kd5 54. Nd4 Kc5 55. Kf3 Kb4 56. Ke2 Nxg3+ 57. Kd3 Ne4 58. Nc6+ Kxa4 59.
Kc2 Nd6 60. Ne5 Kb4 61. Nxg6 Nc4 62. Ne7 Nxe3+ 63. Kd3 a4 64. Kxe3 a3 65. Nc6+
Kc3 66. Nd4 a2 67. Nxf5 a1=Q 68. Ke4 Qe1+ 69. Kf3 Kd3 70. Ng3 Qe3+ 71. Kg2 Qxf4
72. Nxh5 Qe4+ 73. Kg3 Qg6+ 0-1

[Event "Chigorin Memorial 2008"]
[Site "St. Petersburg RUS"]
[Date "2008.10.04"]
[Round "1.8"]
[White "Pogosian, Manvel"]
[Black "Vorobiov, Evgeny E"]
[Result "0-1"]
[WhiteElo "2256"]
[BlackElo "2577"]
[PlyCount "62"]
[EventDate "2008.10.03"]
[EventType "swiss"]
[EventRounds "9"]
[EventCountry "RUS"]
[Source "lmi"]
[SourceDate "2008.10.03"]

1. d4 Nf6 2. c4 c5 3. e3 g6 4. Nc3 Bg7 5. Bd3 cxd4 6. exd4 d5 7. Nge2 O-O 8.
O-O dxc4 9. Bxc4 Nc6 10. a3 a6 11. Bf4 b5 12. Ba2 Bb7 13. b4 e6 14. Rc1 Nh5 15.
Be3 Ne7 16. Qd2 Nf5 17. Bg5 Bf6 18. Bxf6 Qxf6 19. f3 Rad8 20. Rcd1 Nxd4 21.
Nxd4 e5 22. Nce2 exd4 23. Qd3 Rfe8 24. Rf2 Re3 25. Qb1 d3 26. Nc1 Nf4 27. Rfd2
Nxg2 28. Rxd3 Rexd3 29. Rxd3 Rxd3 30. Qxd3 Ne1 31. Qe3 Nxf3+ 0-1

[Event "Chigorin Memorial 2008"]
[Site "St. Petersburg RUS"]
[Date "2008.10.04"]
[Round "1.9"]
[White "Yakovich, Yuri"]
[Black "Yankovsky, Roman"]
[Result "1/2-1/2"]
[WhiteElo "2567"]
[BlackElo "2255"]
[PlyCount "45"]
[EventDate "2008.10.03"]
[EventType "swiss"]
[EventRounds "9"]
[EventCountry "RUS"]
[Source "lmi"]
[SourceDate "2008.10.03"]

1. d4 Nf6 2. c4 c5 3. d5 b5 4. cxb5 a6 5. bxa6 Bxa6 6. Nc3 g6 7. Nf3 d6 8. g3
Bg7 9. Bg2 Nbd7 10. Rb1 Qa5 11. Bd2 O-O 12. O-O Rfb8 13. Qc2 Ng4 14. b3 Nge5
15. Nxe5 Bxe5 16. a4 c4 17. bxc4 Bxc4 18. Rxb8+ Rxb8 19. Nb5 Bb3 20. Qxb3 Qxd2
21. Qd1 Qxd1 22. Rxd1 Ra8 23. Nd4 1/2-1/2

[Event "Chigorin Memorial 2008"]
[Site "St. Petersburg RUS"]
[Date "2008.10.04"]
[Round "1.10"]
[White "Balakirev, Ilya"]
[Black "Shaposhnikov, Evgeny"]
[Result "0-1"]
[WhiteElo "2243"]
[BlackElo "2558"]
[PlyCount "96"]
[EventDate "2008.10.03"]
[EventType "swiss"]
[EventRounds "9"]
[EventCountry "RUS"]
[Source "lmi"]
[SourceDate "2008.10.03"]

1. e4 c5 2. Nf3 e6 3. d4 cxd4 4. Nxd4 a6 5. c4 Nf6 6. Nc3 Qc7 7. a3 b6 8. Be3
Bb7 9. f3 d6 10. Be2 Nbd7 11. O-O Rc8 12. Rc1 Be7 13. b4 O-O 14. Qb3 Qb8 15.
Rfd1 Bd8 16. Bf2 Bc7 17. Kh1 Kh8 18. Na4 d5 19. exd5 exd5 20. c5 b5 21. Nb2 Bf4
22. Rc2 Ne5 23. g3 Bh6 24. Nf5 Ng8 25. Qc3 f6 26. a4 Bc6 27. Bd4 Rcd8 28. axb5
axb5 29. Nd3 Nc4 30. Nf2 Bd7 31. Bxc4 dxc4 32. Nd6 Ne7 33. Ng4 Nf5 34. Nxh6
Nxh6 35. g4 Kg8 36. g5 Nf7 37. gxf6 Nxd6 38. cxd6 Qxd6 39. Rg1 Rf7 40. Rcg2 g6
41. Qe3 Bf5 42. Be5 Re8 43. Re1 Qxb4 44. Qc1 Qc5 45. Bc3 Qc6 46. Rxe8+ Qxe8 47.
Qf4 Bd3 48. Rg1 Qf8 0-1

[Event "Chigorin Memorial 2008"]
[Site "St. Petersburg RUS"]
[Date "2008.10.04"]
[Round "1.12"]
[White "Eidelson, Rakhil"]
[Black "Sjugirov, Sanan"]
[Result "0-1"]
[WhiteElo "2220"]
[BlackElo "2549"]
[PlyCount "60"]
[EventDate "2008.10.03"]
[EventType "swiss"]
[EventRounds "9"]
[EventCountry "RUS"]
[Source "lmi"]
[SourceDate "2008.10.03"]

1. e4 c5 2. Nf3 d6 3. d4 cxd4 4. Nxd4 Nf6 5. Nc3 a6 6. Be2 e5 7. Nb3 Be7 8. Bg5
Nbd7 9. a4 h6 10. Be3 b6 11. O-O Bb7 12. f3 O-O 13. Qd2 Qc7 14. Rfd1 Rac8 15.
Qe1 Rfd8 16. Qf1 Ra8 17. Rac1 Rdc8 18. Nd5 Bxd5 19. exd5 Qb7 20. c4 Nc5 21.
Nxc5 bxc5 22. f4 Nd7 23. Bg4 Bf6 24. fxe5 Bxe5 25. Bf5 Re8 26. Bf2 Nf6 27. Rb1
Qb3 28. Bd3 Ng4 29. g3 Qxa4 30. Kg2 Bd4 0-1

[Event "Chigorin Memorial 2008"]
[Site "St. Petersburg RUS"]
[Date "2008.10.04"]
[Round "1.13"]
[White "Ionov, Sergey"]
[Black "Merzliakov, Evgeny"]
[Result "1/2-1/2"]
[WhiteElo "2543"]
[BlackElo "2210"]
[PlyCount "130"]
[EventDate "2008.10.03"]
[EventType "swiss"]
[EventRounds "9"]
[EventCountry "RUS"]
[Source "lmi"]
[SourceDate "2008.10.03"]

1. d4 e6 2. c4 b6 3. e4 Bb7 4. Bd3 f5 5. exf5 Bb4+ 6. Kf1 Nf6 7. Be2 exf5 8. c5
bxc5 9. a3 Ba5 10. dxc5 c6 11. Nf3 d5 12. cxd6 Bb6 13. Ng5 Ne4 14. Nxe4 fxe4
15. Qb3 Qf6 16. Be3 Bxe3 17. Qxe3 O-O 18. Nc3 Nd7 19. Nxe4 Qxb2 20. Qc3 Qb6 21.
Bd3 Ba6 22. Bxa6 Qxa6+ 23. Kg1 Rae8 24. Ng5 Qe2 25. Rf1 Ne5 26. h4 h6 27. Nh3
Rf6 28. f3 Nd3 29. Kh2 Rxd6 30. Rd1 Rg6 31. Rhg1 Qe5+ 32. Qxe5 Nxe5 33. Rge1
Rge6 34. Re4 Nf7 35. Nf2 Rxe4 36. Nxe4 Rd8 37. Rc1 Rd3 38. a4 Ra3 39. Rc4 Ne5
40. Rc5 Nd7 41. Ra5 Nb6 42. Nc5 Rc3 43. Ne4 Rc4 44. Rxa7 Rxa4 45. Rc7 Rc4 46.
Kg3 Rc2 47. h5 Nd5 48. Rc8+ Kf7 49. Ra8 Ne3 50. Ra7+ Ke6 51. Ra3 Rxg2+ 52. Kh3
Re2 53. Ng3 Re1 54. Ra7 Kf6 55. Rc7 Rc1 56. Ne4+ Ke6 57. Ng3 Kf6 58. Ne4+ Ke5
59. Ng3 Nf5 60. Nxf5 Kxf5 61. Rxg7 Kf4 62. Rg6 Kxf3 63. Rf6+ Ke4 64. Rxh6 Kf5
65. Rd6 Rh1+ 1/2-1/2

[Event "Chigorin Memorial 2008"]
[Site "St. Petersburg RUS"]
[Date "2008.10.04"]
[Round "1.14"]
[White "Timofeev, Andrei"]
[Black "Popov, Valerij"]
[Result "0-1"]
[WhiteElo "2205"]
[BlackElo "2542"]
[PlyCount "62"]
[EventDate "2008.10.03"]
[EventType "swiss"]
[EventRounds "9"]
[EventCountry "RUS"]
[Source "lmi"]
[SourceDate "2008.10.03"]

1. c4 e6 2. Nc3 d5 3. d4 Bb4 4. cxd5 exd5 5. Qa4+ Nc6 6. e3 Nf6 7. Bb5 Bd7 8.
Bxc6 Bxc3+ 9. bxc3 Bxc6 10. Qb3 O-O 11. Nf3 Nd7 12. O-O Re8 13. Re1 Re6 14. Ba3
Qf6 15. Re2 Rae8 16. Rae1 a6 17. Bc1 Qf5 18. Rb2 Rf6 19. Qc2 Re4 20. Re2 Qh5
21. Ne1 Rh4 22. f4 Rxh2 23. Nf3 Rh1+ 24. Kf2 Rg6 25. Re1 Nf6 26. Rg1 Ne4+ 27.
Ke1 Rxg1+ 28. Nxg1 Qh1 29. Kf1 Bb5+ 30. Rxb5 axb5 31. a4 h5 0-1

[Event "Chigorin Memorial 2008"]
[Site "St. Petersburg RUS"]
[Date "2008.10.04"]
[Round "1.16"]
[White "Utkin, Alexander"]
[Black "Yevseev, Denis"]
[Result "0-1"]
[WhiteElo "2196"]
[BlackElo "2534"]
[PlyCount "70"]
[EventDate "2008.10.03"]
[EventType "swiss"]
[EventRounds "9"]
[EventCountry "RUS"]
[Source "lmi"]
[SourceDate "2008.10.03"]

1. d4 Nf6 2. Nf3 g6 3. g3 Bg7 4. Bg2 O-O 5. O-O d6 6. c4 Nc6 7. Nc3 a6 8. d5
Na5 9. Nd2 c5 10. Qc2 Rb8 11. b3 b5 12. Bb2 bxc4 13. bxc4 Bh6 14. f4 e5 15.
Rab1 exf4 16. gxf4 Ng4 17. Nd1 Re8 18. Bf6 Qxf6 19. Rxb8 Bxf4 20. Qa4 Bxh2+ 21.
Kh1 Qe7 22. Nf3 Bf4 23. Qxa5 Qf8 24. Qe1 g5 25. e4 Qh6+ 26. Nh4 gxh4 27. Bh3
Qg5 28. Qe2 f5 29. Bxg4 fxg4 30. Nf2 g3 31. Nd3 Be3 32. Qf3 Kh8 33. Rxc8 Rxc8
34. Kg2 h3+ 35. Kxh3 g2 0-1

[Event "Chigorin Memorial 2008"]
[Site "St. Petersburg RUS"]
[Date "2008.10.04"]
[Round "1.17"]
[White "Vysochin, Spartak"]
[Black "Denisov, Ivan"]
[Result "1-0"]
[WhiteElo "2520"]
[BlackElo "2189"]
[PlyCount "103"]
[EventDate "2008.10.03"]
[EventType "swiss"]
[EventRounds "9"]
[EventCountry "RUS"]
[Source "lmi"]
[SourceDate "2008.10.03"]

1. e4 c5 2. c3 d5 3. exd5 Qxd5 4. d4 Nf6 5. Nf3 Bg4 6. dxc5 Qxd1+ 7. Kxd1 e6 8.
b4 a5 9. Bb5+ Nc6 10. Kc2 Bxf3 11. gxf3 Nd5 12. Bd2 Be7 13. a3 Bf6 14. Ra2 axb4
15. cxb4 Ke7 16. Bxc6 bxc6 17. Rd1 Rhb8 18. Kb3 Rd8 19. Bc1 Be5 20. h4 h5 21.
Bb2 Bxb2 22. Rxb2 f6 23. Rg1 Rg8 24. Nd2 g5 25. hxg5 fxg5 26. Nc4 Kd7 27. a4
Raf8 28. Ne5+ Kc7 29. Re2 Rf5 30. b5 cxb5 31. axb5 Rb8 32. b6+ Nxb6 33. cxb6+
Rxb6+ 34. Kc4 Rd6 35. Re3 Rd5 36. Nd3 Kd6 37. Rb1 Ke7 38. Rb7+ Rd7 39. Rxd7+
Kxd7 40. Nc5+ Ke7 41. Nxe6 Kf7 42. Nd4 Ra5 43. Kd3 Kf6 44. Ke2 g4 45. fxg4 hxg4
46. Kf1 Kg5 47. Kg2 Kh4 48. Re4 Kh5 49. Nc2 Rg5 50. Kg3 Rg8 51. Re5+ Kh6 52.
Ne3 1-0

[Event "Chigorin Memorial 2008"]
[Site "St. Petersburg RUS"]
[Date "2008.10.04"]
[Round "1.19"]
[White "Demchenko, Anton"]
[Black "Kuzevanova, Evgenia"]
[Result "1-0"]
[WhiteElo "2510"]
[BlackElo "2179"]
[PlyCount "65"]
[EventDate "2008.10.03"]
[EventType "swiss"]
[EventRounds "9"]
[EventCountry "RUS"]
[Source "lmi"]
[SourceDate "2008.10.03"]

1. e4 e6 2. d4 d5 3. Nc3 Bb4 4. e5 c5 5. a3 Ba5 6. b4 cxd4 7. Nb5 Bc7 8. f4 Bd7
9. Nxd4 Ne7 10. Ngf3 a6 11. Bd3 Nbc6 12. c3 Bb6 13. Be3 Rc8 14. Qe2 Nxd4 15.
cxd4 Ba4 16. O-O Qd7 17. Rac1 h6 18. Rxc8+ Nxc8 19. f5 exf5 20. Nh4 Ne7 21.
Nxf5 Nxf5 22. Bxf5 Qe7 23. Qg4 g5 24. Qh5 Bb5 25. Rf2 Bd7 26. Bxd7+ Qxd7 27.
Rf6 Qc7 28. e6 Rf8 29. exf7+ Ke7 30. Rxh6 Qc3 31. Bxg5+ Kd7 32. Qg4+ Kc7 33.
Bf4+ 1-0

[Event "Chigorin Memorial 2008"]
[Site "St. Petersburg RUS"]
[Date "2008.10.04"]
[Round "1.20"]
[White "Korchagina, Viktoria"]
[Black "Lintchevski, Daniil"]
[Result "0-1"]
[WhiteElo "2176"]
[BlackElo "2502"]
[PlyCount "102"]
[EventDate "2008.10.03"]
[EventType "swiss"]
[EventRounds "9"]
[EventCountry "RUS"]
[Source "lmi"]
[SourceDate "2008.10.03"]

1. e4 c6 2. d4 d5 3. Nc3 dxe4 4. Nxe4 Bf5 5. Ng3 Bg6 6. h4 h6 7. Nf3 Nd7 8. h5
Bh7 9. Bd3 Bxd3 10. Qxd3 e6 11. Bf4 Ngf6 12. O-O-O Be7 13. Ne4 Nxe4 14. Qxe4
Nf6 15. Qe2 Qa5 16. Kb1 Nxh5 17. Bd2 Qd5 18. g4 Nf6 19. g5 Ne4 20. gxh6 Nxd2+
21. Nxd2 Rxh6 22. Rxh6 gxh6 23. Ne4 O-O-O 24. Ng3 Bf6 25. c3 Bh4 26. Qe4 Bxg3
27. Qxd5 Rxd5 28. fxg3 Kd7 29. Kc2 Ke7 30. Kd3 Rg5 31. Rg1 h5 32. Ke3 h4 33. g4
f5 34. Kf4 Kf6 35. Kf3 h3 36. Rh1 fxg4+ 37. Kg3 e5 38. dxe5+ Kxe5 39. Re1+ Kd6
40. Re2 a5 41. Rd2+ Kc5 42. Re2 Kc4 43. Rd2 c5 44. Rf2 Kd3 45. Rh2 a4 46. a3 b5
47. Rf2 Re5 48. Kxg4 Re2 49. Rf3+ Kc4 50. Rxh3 Rxb2 51. Kf4 Rb3 0-1

[Event "Chigorin Memorial 2008"]
[Site "St. Petersburg RUS"]
[Date "2008.10.04"]
[Round "1.23"]
[White "Levin, Evgeny A"]
[Black "Lupik, Marina"]
[Result "1-0"]
[WhiteElo "2487"]
[BlackElo "2166"]
[PlyCount "63"]
[EventDate "2008.10.03"]
[EventType "swiss"]
[EventRounds "9"]
[EventCountry "RUS"]
[Source "lmi"]
[SourceDate "2008.10.03"]

1. d4 d5 2. c4 c6 3. Nc3 Nf6 4. e3 a6 5. Bd3 dxc4 6. Bxc4 b5 7. Bd3 e6 8. a4 b4
9. Ne4 Nbd7 10. Nf3 c5 11. Nxf6+ Nxf6 12. dxc5 Bxc5 13. O-O Bb7 14. Qe2 Qc7 15.
e4 e5 16. Bg5 Nd7 17. Nh4 O-O 18. Rac1 h6 19. Be7 Rfe8 20. Nf5 Qb6 21. a5 Qc6
22. Rxc5 Nxc5 23. Rc1 Rac8 24. Bxc5 Rc7 25. h3 Qd7 26. Rd1 Qa4 27. Qg4 g6 28.
Nxh6+ Kh7 29. Be3 Rd8 30. Kh2 Bc8 31. Qf3 Rcd7 32. Nxf7 1-0

[Event "Chigorin Memorial 2008"]
[Site "St. Petersburg RUS"]
[Date "2008.10.04"]
[Round "1.24"]
[White "Butuc, Maria"]
[Black "Sivokho, Sergey"]
[Result "0-1"]
[WhiteElo "2159"]
[BlackElo "2486"]
[PlyCount "106"]
[EventDate "2008.10.03"]
[EventType "swiss"]
[EventRounds "9"]
[EventCountry "RUS"]
[Source "lmi"]
[SourceDate "2008.10.03"]

1. Nf3 c5 2. c4 Nc6 3. d4 cxd4 4. Nxd4 Nf6 5. Nc3 e6 6. a3 Bc5 7. Nb3 Be7 8. e4
b6 9. Be2 Ba6 10. Bf4 d6 11. Rc1 O-O 12. O-O Rc8 13. f3 Qd7 14. Na1 Rfd8 15.
Qa4 Na5 16. Nb5 Bb7 17. b4 Nc6 18. Rfd1 d5 19. exd5 exd5 20. cxd5 Nxd5 21. Nc3
Qf5 22. Nxd5 Rxd5 23. Rxd5 Qxd5 24. Qb3 Qf5 25. Be3 Bf6 26. Nc2 h5 27. Bd3 Qd7
28. Rd1 g6 29. Be2 Qe7 30. Bc4 Ne5 31. Be2 Rc3 32. Qa2 Qc7 33. Rd2 Nc4 34. Bxc4
Rxc4 35. Ne1 Rc1 36. Re2 Ra1 37. Qb3 Qc3 38. Qxc3 Bxc3 39. Bf2 Rxa3 40. Nc2 Ra2
41. Re8+ Kh7 42. Bd4 Bxd4+ 43. Nxd4 Kg7 44. Re7 Bd5 45. Nb5 a5 46. bxa5 bxa5
47. Nc3 Ra1+ 48. Kf2 Bb3 49. Ra7 a4 50. Ke2 a3 51. Kd3 a2 52. g3 Rh1 53. Nxa2
Ra1 0-1

[Event "Chigorin Memorial 2008"]
[Site "St. Petersburg RUS"]
[Date "2008.10.04"]
[Round "1.25"]
[White "Loskutov, Oleg"]
[Black "Minina, Veronika"]
[Result "1-0"]
[WhiteElo "2482"]
[BlackElo "2153"]
[PlyCount "67"]
[EventDate "2008.10.03"]
[EventType "swiss"]
[EventRounds "9"]
[EventCountry "RUS"]
[Source "lmi"]
[SourceDate "2008.10.03"]

1. e4 c5 2. Nf3 e6 3. d4 cxd4 4. Nxd4 Qb6 5. Nc3 Bc5 6. Na4 Qa5+ 7. c3 Bxd4 8.
Qxd4 Nf6 9. Nc5 Nc6 10. Qe3 b6 11. Nd3 d5 12. b4 Qa4 13. e5 d4 14. Qg3 Qc2 15.
exf6 Qxc3+ 16. Kd1 Qxa1 17. Qd6 Bb7 18. b5 Rd8 19. Qa3 gxf6 20. bxc6 Bxc6 21.
Nb2 d3 22. Bxd3 Bxg2 23. Rg1 Bf3+ 24. Kc2 Rc8+ 25. Kd2 Bd5 26. Bb5+ Bc6 27.
Bxc6+ Rxc6 28. Qa4 Kd7 29. Rd1 Rhc8 30. Nc4 Ke8 31. Nd6+ Kf8 32. Nxc8 Qc3+ 33.
Ke2 Rxc8 34. Bh6+ 1-0

[Event "Chigorin Memorial 2008"]
[Site "St. Petersburg RUS"]
[Date "2008.10.04"]
[Round "1.31"]
[White "Smirnov, Artem"]
[Black "Senkevich, Konstantin"]
[Result "1-0"]
[WhiteElo "2460"]
[BlackElo "2118"]
[PlyCount "89"]
[EventDate "2008.10.03"]
[EventType "swiss"]
[EventRounds "9"]
[EventCountry "RUS"]
[Source "lmi"]
[SourceDate "2008.10.03"]

1. c4 e5 2. Nc3 d6 3. e3 Nf6 4. d4 Nc6 5. Nf3 Be7 6. Be2 O-O 7. O-O Re8 8. d5
Nb8 9. e4 Nbd7 10. Be3 Nf8 11. Ne1 Ng6 12. Nd3 b6 13. b4 Nd7 14. Rc1 Bg5 15.
Qd2 Bxe3 16. Qxe3 a5 17. a3 axb4 18. axb4 Ba6 19. Nb1 Qh4 20. g3 Qh3 21. Bf3 f5
22. Qg5 Ne7 23. Bg2 Qg4 24. Qxg4 fxg4 25. Nd2 Bb7 26. Ra1 Rxa1 27. Rxa1 Ra8 28.
Rxa8+ Bxa8 29. h3 gxh3 30. Bxh3 Nf6 31. c5 bxc5 32. bxc5 Bb7 33. f3 Bc8 34. Bg2
Kf8 35. Nb4 Ne8 36. Nc4 Kf7 37. Bf1 Kf6 38. c6 h5 39. Na3 Kg5 40. Ba6 h4 41.
Kg2 hxg3 42. Kxg3 Kf6 43. Bb7 g5 44. Nb5 g4 45. Na7 1-0

[Event "Chigorin Memorial 2008"]
[Site "St. Petersburg RUS"]
[Date "2008.10.04"]
[Round "1.34"]
[White "Sokolova, Vera"]
[Black "Ponfilenok, Vladimir"]
[Result "0-1"]
[WhiteElo "2105"]
[BlackElo "2440"]
[PlyCount "114"]
[EventDate "2008.10.03"]
[EventType "swiss"]
[EventRounds "9"]
[EventCountry "RUS"]
[Source "lmi"]
[SourceDate "2008.10.03"]

1. e4 e6 2. d4 d5 3. e5 c5 4. c3 Nc6 5. Nf3 Bd7 6. a3 c4 7. Be2 Na5 8. Nbd2 Ne7
9. O-O Nc8 10. h3 Nb6 11. Nh2 Ba4 12. Qe1 h5 13. Bd1 Qd7 14. Rb1 Bxd1 15. Qxd1
Qa4 16. b3 cxb3 17. Nxb3 Nbc4 18. f4 g6 19. Nf3 Rc8 20. Re1 b6 21. Nfd2 Nxb3
22. Nxb3 Nxa3 23. Bxa3 Bxa3 24. Qd2 Be7 25. Nc1 Kf8 26. Ne2 Rc7 27. Ra1 Qc4 28.
Reb1 Kg7 29. Qd1 b5 30. Ra5 Rb8 31. Rba1 Rbb7 32. Ra6 b4 33. R1a4 Qb5 34. cxb4
Bxb4 35. f5 exf5 36. Nf4 Be7 37. Ra1 Bg5 38. R6a5 Qb2 39. R5a2 Qb5 40. Ra5 Qb2
41. R5a2 Qb3 42. Qxb3 Rxb3 43. Nxd5 Rd7 44. Nf6 Bxf6 45. exf6+ Kxf6 46. Rxa7
Rxd4 47. R1a6+ Kg7 48. Rc6 Rb1+ 49. Kh2 h4 50. Rc2 Rdd1 51. g4 fxg4 52. hxg4
Rh1+ 53. Kg2 Rbg1+ 54. Kf3 Rg3+ 55. Kf4 Rhg1 56. Rcc7 Rxg4+ 57. Kf3 R1g3+ 0-1

[Event "Chigorin Memorial 2008"]
[Site "St. Petersburg RUS"]
[Date "2008.10.04"]
[Round "1.35"]
[White "Rozum, Ivan"]
[Black "Zykova, Antonina"]
[Result "1-0"]
[WhiteElo "2439"]
[BlackElo "2092"]
[PlyCount "61"]
[EventDate "2008.10.03"]
[EventType "swiss"]
[EventRounds "9"]
[EventCountry "RUS"]
[Source "lmi"]
[SourceDate "2008.10.03"]

1. d4 d5 2. c4 e6 3. Nf3 c5 4. cxd5 exd5 5. g3 Nc6 6. Bg2 Nf6 7. O-O Be7 8. Nc3
O-O 9. dxc5 Bxc5 10. Bg5 d4 11. Bxf6 Qxf6 12. Nd5 Qd6 13. Nd2 Be6 14. Nf4 Bb6
15. a3 Rfe8 16. Rc1 Rac8 17. Qa4 Bg4 18. Rfe1 g5 19. Nd5 Bd8 20. Qb5 d3 21.
Qxd3 Ne5 22. Qb5 Bd7 23. Qb3 Ba5 24. Ne4 Qa6 25. Nef6+ Kh8 26. Red1 Rxc1 27.
Rxc1 Be6 28. Qe3 Rd8 29. Qxg5 Ng6 30. Qh6 Nf8 31. Nh5 1-0

[Event "Chigorin Memorial 2008"]
[Site "St. Petersburg RUS"]
[Date "2008.10.04"]
[Round "1.36"]
[White "Airumian, Sergei"]
[Black "Lovkov, Roman"]
[Result "0-1"]
[WhiteElo "2070"]
[BlackElo "2434"]
[PlyCount "84"]
[EventDate "2008.10.03"]
[EventType "swiss"]
[EventRounds "9"]
[EventCountry "RUS"]
[Source "lmi"]
[SourceDate "2008.10.03"]

1. e4 c5 2. Nf3 d6 3. d4 cxd4 4. Qxd4 a6 5. c4 Nc6 6. Qe3 Nf6 7. Bd3 g6 8. Bd2
Bg7 9. Bc3 O-O 10. O-O Be6 11. Ng5 Bd7 12. f4 Ng4 13. Qd2 b5 14. cxb5 axb5 15.
Bxg7 Kxg7 16. Nc3 b4 17. Nd5 e6 18. Ne3 Qb6 19. Rfe1 e5 20. fxe5 Ncxe5 21. Nf3
Be6 22. Nxe5 dxe5 23. a3 Rfd8 24. h3 Nf6 25. Qf2 Qb7 26. Bc4 Bxc4 27. Nxc4 bxa3
28. bxa3 Qc7 29. Nd2 Ra4 30. Re3 Qc2 31. Rf1 Rd6 32. Nf3 Qxf2+ 33. Rxf2 Nxe4
34. Rfe2 Ng3 35. Rd2 Rxd2 36. Nxd2 Nf5 37. Rxe5 Rxa3 38. Kf2 Kf6 39. Rc5 Ra2
40. Ke2 Nd4+ 41. Ke3 Rxd2 42. Rd5 Rxg2 0-1

[Event "Chigorin Memorial 2008"]
[Site "St. Petersburg RUS"]
[Date "2008.10.04"]
[Round "1.37"]
[White "Ivanov, Alexey"]
[Black "Sorokina, Anastasia"]
[Result "1-0"]
[WhiteElo "2431"]
[BlackElo "2068"]
[PlyCount "61"]
[EventDate "2008.10.03"]
[EventType "swiss"]
[EventRounds "9"]
[EventCountry "RUS"]
[Source "lmi"]
[SourceDate "2008.10.03"]

1. Nc3 Nf6 2. d4 d5 3. Bg5 Nbd7 4. e4 dxe4 5. f3 exf3 6. Nxf3 g6 7. Qd2 h6 8.
Bf4 c6 9. Bc4 Bg7 10. O-O-O a5 11. Rhe1 Nb6 12. Bd3 Bg4 13. Ne4 Nxe4 14. Rxe4
Bxf3 15. gxf3 Nd5 16. Rde1 g5 17. Be5 Nf6 18. R4e2 Kf8 19. h4 e6 20. Kb1 Ne8
21. hxg5 hxg5 22. Rg2 Rh5 23. f4 Bxe5 24. dxe5 gxf4 25. Qxf4 Qh4 26. Qe3 b6 27.
Rf1 Rd8 28. a3 Rh6 29. Qxb6 Rd5 30. Qb7 Qe7 31. Rg8+ 1-0

[Event "Chigorin Memorial 2008"]
[Site "St. Petersburg RUS"]
[Date "2008.10.04"]
[Round "1.38"]
[White "Atlas, Eduard"]
[Black "Slugin, Sergey"]
[Result "1/2-1/2"]
[WhiteElo "2067"]
[BlackElo "2431"]
[PlyCount "69"]
[EventDate "2008.10.03"]
[EventType "swiss"]
[EventRounds "9"]
[EventCountry "RUS"]
[Source "lmi"]
[SourceDate "2008.10.03"]

1. e4 c6 2. d4 d5 3. Nc3 dxe4 4. Nxe4 Bf5 5. Ng3 Bg6 6. Nf3 Nd7 7. h4 h6 8. h5
Bh7 9. Bd3 Bxd3 10. Qxd3 e6 11. Bd2 Ngf6 12. Qe2 Be7 13. Ne5 c5 14. Nxd7 Qxd7
15. dxc5 O-O 16. Ne4 Qd5 17. f3 Rfd8 18. c4 Qc6 19. Nxf6+ Bxf6 20. Be3 Rac8 21.
Rc1 a5 22. O-O Bd4 23. Rfd1 Bxc5 24. b3 a4 25. g4 Qb6 26. Bxc5 Qxc5+ 27. Kg2
Re8 28. Qe4 Rc7 29. Rc2 Qb4 30. Qd3 axb3 31. axb3 e5 32. Re2 Rce7 33. Re4 Re6
34. Qe3 Rd6 35. c5 1/2-1/2